Ngôn ngữ lập trình Auto lisp T.2
v...v
Đã lưu trong:
| Tác giả chính: | |
|---|---|
| Định dạng: | Sách |
| Năm xuất bản: |
Tp. HCM.
NXB Tp. HCM
2001
|
| Chủ đề: | |
| Tags: |
Thêm thẻ
Không có thẻ, Hãy là người đầu tiên gắn thẻ bản ghi này!
|
| LEADER | 00572nam a2200169 4500 | ||
|---|---|---|---|
| 082 | |a 006.6633 |b NG527H | ||
| 100 | |a Nguyễn Hữu Lộc | ||
| 245 | |a Ngôn ngữ lập trình Auto lisp |c Nguyễn Hữu Lộc |n T.2 | ||
| 260 | |a Tp. HCM. |b NXB Tp. HCM |c 2001 | ||
| 300 | |a 362 tr |c 24 cm | ||
| 520 | |a v...v | ||
| 653 | |a Tin học | ||
| 653 | |a Ngôn ngữ lập trình | ||
| 653 | |a Autolisp | ||
| 942 | |2 ddc |c SH | ||
| 999 | |c 8631 |d 8631 | ||
| 952 | |0 0 |1 0 |2 ddc |4 0 |6 006_663300000000000_NG527H |7 0 |8 000 |9 70974 |a qbu |b qbu |c D2 |d 2015-04-20 |g 39000 |o 006.6633 NG527H |p 7229.c1 |r 0000-00-00 |w 2015-04-20 |y SH | ||